Normal view MARC view
  • PISTON TEMPERATURE TELEMETRY SYSTEM 1-12 INTERNAL COMBUSTION ENGINES 13-22 UNIVERSAL AIR FUEL RADIO HEATED EXHAUST GAS OXYGEN SENSOR AND FURTHER APPLICATIONS 23-36 MIXTURE STRENGTH AT CRANKING CYCLES OF GASOLINE ENGINE STARTING 37-48 MINIATURE MAGNETOSTRICTUVE MISFIRE SENSOR 49-56 NONLINEAR CLOSED LOOP SI ENGINE CONTROL OBSERVER 57-74 ADAPTIVE TORQUE CONTROL OF DIESEL ENGINE FOR TRANSIENT TEST CYCLES 75-92 AN ATUMATIC PARAMETER MATCHING FOR ENGINE FUEL IMJECTION CONTROL 93-102 MODELING OF THE DYNAMIC PROCESSES IN AN ELECTRONIC DIESEL FUEL INJECTION SYSTEM 103-116 ADAPTIVE ENGINE CONTROL UNIT WITH FEEDBACK KNOCK SIGNAL 117-120 ACC NO-28040 ACC NO-27345.SP-898

Entry Topical Term

Number of records used in: 1

001 - CONTROL NUMBER

  • control field: 67081

003 - CONTROL NUMBER IDENTIFIER

  • control field: NUST

005 - DATE AND TIME OF LATEST TRANSACTION

  • control field: 20210628203731.0

008 - FIXED-LENGTH DATA ELEMENTS

  • fixed length control field: 210628|| aca||aabn | a|a d

040 ## - CATALOGING SOURCE

  • Original cataloging agency: NUST
  • Transcribing agency: NUST

150 ## - HEADING--TOPICAL TERM

  • Topical term or geographic name entry element: PISTON TEMPERATURE TELEMETRY SYSTEM 1-12 INTERNAL COMBUSTION ENGINES 13-22 UNIVERSAL AIR FUEL RADIO HEATED EXHAUST GAS OXYGEN SENSOR AND FURTHER APPLICATIONS 23-36 MIXTURE STRENGTH AT CRANKING CYCLES OF GASOLINE ENGINE STARTING 37-48 MINIATURE MAGNETOSTRICTUVE MISFIRE SENSOR 49-56 NONLINEAR CLOSED LOOP SI ENGINE CONTROL OBSERVER 57-74 ADAPTIVE TORQUE CONTROL OF DIESEL ENGINE FOR TRANSIENT TEST CYCLES 75-92 AN ATUMATIC PARAMETER MATCHING FOR ENGINE FUEL IMJECTION CONTROL 93-102 MODELING OF THE DYNAMIC PROCESSES IN AN ELECTRONIC DIESEL FUEL INJECTION SYSTEM 103-116 ADAPTIVE ENGINE CONTROL UNIT WITH FEEDBACK KNOCK SIGNAL 117-120 ACC NO-28040 ACC NO-27345.SP-898

670 ## - SOURCE DATA FOUND

  • Source citation: Work cat.: (NUST): Sae 26047, Elecronic control and sensors, 1992
© 2023 Central Library, National University of Sciences and Technology. All Rights Reserved.